| 000 | 00643nam a2200217Ia 4500 | ||
|---|---|---|---|
| 005 | 20240627151810.0 | ||
| 008 | 210716s2001 xx 000 0 und d | ||
| 020 | _a8187328479 | ||
| 040 | _cAIMIT LIBRARY | ||
| 041 | _aeng | ||
| 082 |
_a005.1331 _21 _bVARP |
||
| 100 |
_aVaralakshmi, P V N. _9171812 |
||
| 245 |
_aProjects using c++ / _cBy P V N Varalakshmi. |
||
| 250 | _a1st ed. | ||
| 260 |
_aChennai : _bScitech Publications Pvt Ltd , _c2001. |
||
| 300 |
_a396p. ; _bPB _c24 cm. |
||
| 650 |
_aOperator overloading _9171813 |
||
| 650 |
_aSorting and searching _9171814 |
||
| 650 |
_aGraphics _9171815 |
||
| 942 |
_2ddc _cBK _k005.1331 VARP |
||
| 999 |
_c185306 _d185306 |
||